| 000 | 00920nam0a22002531 4500 | ||
|---|---|---|---|
| 001 | rc\2611541 | ||
| 005 | 20250623134853.0 | ||
| 035 | _a(NLR Aleph) 006775404 | ||
| 090 |
_a5988357 _c5988357 |
||
| 100 | _a20110914d1930 |||y0rusy50 ca | ||
| 101 | 0 | _arus | |
| 102 | _aRU | ||
| 105 | _ay z ||||| | ||
| 200 | 1 |
_aОсновные вопросы кредитной реформы _fА. Кактынь |
|
| 205 | _a2-е изд. | ||
| 210 |
_aМосква _cГос. фин. изд-во Союза ССР _d1930 _g5-я тип. Транспечати НКПС |
||
| 215 |
_a31 с., [1] с. объявл. _d21х15 см. |
||
| 700 | 1 |
_7ca _8rus _aКактынь _bА. М. _cэкономист, гос. деятель _f1893-1937 _gАртур Мартынович _9176917 _3RU\NLR\AUTH\770176968 |
|
| 801 | 0 |
_aRU _bNLR _gpsbo |
|
| 801 | 1 |
_aRU _bELAR _2rusmarc |
|
| 852 |
_aNLR _j30.10/2511 |
||
| 942 | _cBOOK | ||
| 980 | _aNB | ||